Introduction to applied statistical signal analysis : guide to biomedical and electrical engineering applications /

Introduction to Applied Statistical Signal Analysis is designed for the experienced individual with a basic background in mathematics, science, and computer. With this predisposed knowledge, the reader will coast through the practical introduction and move on to signal analysis techniques, commonly...

Full description

Bibliographic Details
Main Author: Shiavi, Richard
Corporate Author: ScienceDirect (Online service)
Format: eBook
Language:English
Published: Amsterdam ; Boston : Academic, [2007]
Edition:3rd ed.
Subjects:
Online Access:Connect to the full text of this electronic book

MARC

Tag First Indicator Second Indicator Subfields
LEADER 00000cam a2200000Ia 4500
001 in00002425309
005 20190327171534.0
006 m d
007 cr cn|
008 070806s2007 ne a ob 001 0 eng d
020 |a 9780120885817 
020 |a 0120885816 
029 1 |a NZ1  |b 11778444 
029 1 |a CHVBK  |b 135310660 
035 |a (OCoLC)ocn162570392 
035 |a (OCoLC)162570392 
037 |a 111399:111483  |b Elsevier Science & Technology  |n http://www.sciencedirect.com 
040 |a OPELS  |c OPELS  |d UtOrBLW 
049 |a TXAM 
050 1 4 |a TK5102.5  |b .S474 2007eb 
082 0 4 |a 621.3822  |2 22 
100 1 |a Shiavi, Richard. 
245 1 0 |a Introduction to applied statistical signal analysis :  |b guide to biomedical and electrical engineering applications /  |c Richard Shiavi. 
250 |a 3rd ed. 
264 1 |a Amsterdam ;  |a Boston :  |b Academic,  |c [2007] 
264 4 |c ©2007 
300 |a 1 online resource. 
336 |a text  |b txt  |2 rdacontent 
337 |a computer  |b c  |2 rdamedia 
338 |a online resource  |b cr  |2 rdacarrier 
520 |a Introduction to Applied Statistical Signal Analysis is designed for the experienced individual with a basic background in mathematics, science, and computer. With this predisposed knowledge, the reader will coast through the practical introduction and move on to signal analysis techniques, commonly used in a broad range of engineering areas such as biomedical engineering, communications, geophysics, and speech. Introduction to Applied Statistical Signal Analysis intertwines theory and implementation with practical examples and exercises. Topics presented in detail include: mathematical bases, requirements for estimation and detailed quantitative examples for implementing techniques for classical signal analysis. This book will help readers understand real-world applications of signal analysis as they relate to biomedical engineering. The presentation style is designed for the upper level undergraduate or graduate student who needs a theoretical introduction to the basic principles of statistical modeling and the knowledge to implement them practically. Accompanied by MATLAB notebooks that provide an interactive mode of learning which can be utilized by professors or independent learners, available from the Companion website. Includes over one hundred worked problems and real world applications. Many of the examples and exercises in the book use measured signals, many from the biomedical domain. Copies of these are available for download from the Companion website. Please visit http://books.elsevier.com/companions/9780120885817 to access accompanying material. 
505 0 |a Introduction to Terminology; Empirical Modeling and Approximation; Fourier Analysis; Probability Concepts and Signal Characteristics; Random Processes and Signal Correlation; Random Signals, Linear Systems, and Power Spectra; Spectral Analysis for Random Signals; Random Signal Modeling and Modern Spectral Estimation; Theory and Application of Cross Correlation and Coherence. 
500 |a Previous edition: 1999. 
504 |a Includes bibliographical references and index. 
500 |a Electronic resource. 
650 0 |a Signal processing  |x Statistical methods. 
650 6 |a Traitement du signal  |x Méthodes statistiques. 
655 7 |a Electronic books.  |2 local 
776 1 |c Original  |z 9780120885817  |z 0120885816  |w (OCoLC)81451835 
710 2 |a ScienceDirect (Online service) 
856 4 0 |u http://proxy.library.tamu.edu/login?url=http://www.sciencedirect.com/science/book/9780120885817  |z Connect to the full text of this electronic book  |t 0 
994 |a 92  |b TXA 
999 |a MARS 
999 f f |s 7e1ed2ab-c035-30e7-b5d9-8295c5e5aa8d  |i f6d9595f-c556-3c4f-ad08-3bb4c48e3cd3  |t 0 
952 f f |a Texas A&M University  |b College Station  |c Electronic Resources  |d Available Online  |t 0  |e TK5102.5 .S474 2007eb  |h Library of Congress classification 
998 f f |a TK5102.5 .S474 2007eb  |t 0  |l Available Online